000 00564aas a2200169 4500
999 _c50530
_d50530
001 768714001
003 CO-MdFUSB
005 20171007083856.0
008 171007s1995 cr ||||| |||| 00| 0 spa d
040 _aCO-MdFUSB
_bspa
_cCO-MdFUSB
_dCO-MdFUSB
041 _aspa
100 1 _aZelaya, Hugo M.
_eautor
245 1 0 _aCuando Jesús está en la barca
_c/ Zelaya, Hugo M.
300 _aVolumen 3. Número 11 (1995), páginas 166-170
_c: 28 cm
773 0 _tConquista Cristiana
_049446
_960310
_gVolumen 3. Número 11 (1995), páginas 166-170
_qPágina 166
942 _cANA